Online Catalogue and eLibrary

Servants : (Record no. 3173)

MARC details
000 -LEADER
fixed length control field 00479nam a2200157Ia 4500
005 - DATE AND TIME OF LATEST TRANSACTION
control field 20241015081422.0
008 - FIXED-LENGTH DATA ELEMENTS--GENERAL INFORMATION
fixed length control field 240331s9999 xx 000 0 und d
020 ## - INTERNATIONAL STANDARD BOOK NUMBER
ISBN 955913616X
082 ## - DDC Classification
Item Number - Author Mark WIJ
Class No. 820
100 ## - MAIN ENTRY--PERSONAL NAME
Personal name Wijesinha, R
245 #0 - TITLE STATEMENT
Title Servants :
Remainder of title a cycle
260 ## - PUBLICATION, DISTRIBUTION, ETC.
Place of publication, distribution, etc. Colombo
Name of publisher, distributor, etc. McCallum Books Pvt Ltd
Date of publication, distribution, etc. 1995
300 ## - PHYSICAL DESCRIPTION
Extent (e.g. Volumes, Pages etc.) vi, 117 p .,
500 ## - GENERAL NOTE
General note An Anthology of Contemporary Sri Lankan Poetry in English<br/>A Selection of Sri Lankan Short Stories in English
942 ## - Koha item type (Biblio)
Koha item type Books in Stacks (Lending)
Holdings
Lost status Damaged status Collection code Home library Current library Shelving location Date acquired Full call number Accession Number Item type
    Lending WERC Library WERC Library Social Science Cupboard 03/31/2024 820 WIJ 3987 Books in Stacks (Lending)

© WERC Library